| 000 | 00559cam a22001697a 4500 | ||
|---|---|---|---|
| 082 |
_a952.031 _bROW |
||
| 100 | 1 |
_aRowan-Robinson, H. _949499 |
|
| 245 | 1 | 4 |
_aThe campaign of Liao-yang / _cby Major H. Rowan-Robinson. |
| 260 |
_aLondon : _bConstable, _c1914. |
||
| 300 |
_axv, 284 p. : _bfold. maps ; _c21 cm. |
||
| 490 | 0 | _aCampaigns and their lessons | |
| 526 |
_a0 _b0 _c0 _d952_031000000000000_ROW |
||
| 650 | 0 |
_aLiaoyang, Battle of, Liaoyang, China, 1904. _950351 |
|
| 650 | 0 |
_aMCE _9379 |
|
| 650 | 0 |
_aRusso-Japanese War, 1904-1905. _949509 |
|
| 942 |
_2ddc _cBK |
||
| 999 |
_c553075 _d553075 |
||